| 000 | 00389nam a22001457a 4500 | ||
|---|---|---|---|
| 003 | SGT | ||
| 082 |
_a616.024 _bA23P |
||
| 100 | _aPHOUGAT, JAIDEEP | ||
| 245 | _aA STUDY OF THYROID FUNCTIONS IN CIRRHOSIS OF LIVER AND THEIR CORRELATION WITH SEVERITY OF LIVER DISEASE | ||
| 260 |
_aGURUGRAM _bSGT UNIVERSITY _c2023 |
||
| 300 | _a65 | ||
| 650 | _aMEDICINE | ||
| 653 | _aM.D | ||
| 942 |
_2ddc _cTH |
||
| 999 |
_c26596 _d26596 |
||